[Event "20th NATO Chess Ch"]
[Site "?"]
[Date "2009.06.16"]
[Round "3.47"]
[White "Van Dusen, Eric"]
[Black "Stuhr, Finn"]
[Result "0-1"]
[WhiteElo "1881"]
[BlackElo "1665"]
[PlyCount "120"]
[SourceDate "2000.01.03"]

1. d4 Nf6 2. Nf3 b6 3. c4 Bb7 4. Nc3 Bxf3 5. gxf3 g6 6. e4 d6 7. Be2 Bg7 8. Be3
Nfd7 9. h4 Nf6 10. f4 Qd7 11. e5 dxe5 12. fxe5 Ng8 13. Bg4 e6 14. Bf3 Nc6 15.
Qa4 Nge7 16. d5 exd5 17. cxd5 Nxe5 18. Qxd7+ Kxd7 19. Bg2 Nd3+ 20. Kd2 Nxb2 21.
d6 Nc6 22. dxc7 Nc4+ 23. Kc2 Nxe3+ 24. fxe3 Rac8 25. Rad1+ Kxc7 26. Nb5+ Kb8
27. Nd6 Rc7 28. Kb3 Na5+ 29. Ka4 Rd8 30. Nb5 Rc4+ 31. Ka3 Bf8+ 32. Kb2 Rb4+ 33.
Ka1 Bg7+ 34. Nd4 Rc8 35. a3 Bxd4+ 36. exd4 Rb3 37. Bd5 Rxa3+ 38. Kb2 Re3 39.
Bxf7 Rf8 40. Rhf1 Rc8 41. Rd2 Re4 42. Rc1 Rd8 43. Rcd1 Nc6 44. d5 Ne5 45. Rf1
Rf8 46. d6 Rxf7 47. Rxf7 Nxf7 48. d7 Kc7 49. h5 Nd8 50. hxg6 hxg6 51. Kc3 Re6
52. Ra2 Rc6+ 53. Kd4 a5 54. Rh2 Rd6+ 55. Ke5 Nf7+ 56. Kf4 Rf6+ 57. Ke3 Kxd7 58.
Ra2 Ke6 59. Kd4 Rf4+ 60. Ke3 g5 0-1

[Event "20th NATO Chess Ch"]
[Site "?"]
[Date "2009.06.17"]
[Round "4.2"]
[White "Sypien, Mateusz"]
[Black "Garret, Pieta"]
[Result "1-0"]
[WhiteElo "2245"]
[BlackElo "2326"]
[PlyCount "60"]
[SourceDate "2000.01.03"]

1. c4 Nf6 2. g3 g6 3. Bg2 d5 4. cxd5 Nxd5 5. Nc3 Nb6 6. d3 Bg7 7. Be3 O-O 8.
Qd2 Re8 9. Bh6 Bh8 10. h4 N8d7 11. h5 Nf6 12. hxg6 fxg6 13. O-O-O c6 14. Bg5
Bg4 15. Rh4 Qd7 16. Nf3 Nfd5 17. Nxd5 cxd5 18. Qb4 h5 19. Kb1 Na4 20. Nh2 Nxb2
21. Rd2 Na4 22. Nxg4 hxg4 23. Rc2 Rac8 24. Bd2 Rxc2 25. Kxc2 Rc8+ 26. Kd1 d4
27. Qxb7 Qxb7 28. Bxb7 Rb8 29. Bd5+ Kg7 30. Bb3 Nc5 1-0

[Event "20th NATO Chess Ch"]
[Site "?"]
[Date "2009.06.17"]
[Round "4.3"]
[White "Bieluszewski, Piotr"]
[Black "Vaznonis, Vytautas"]
[Result "1/2-1/2"]
[WhiteElo "2153"]
[BlackElo "2338"]
[PlyCount "88"]
[SourceDate "2000.01.03"]

1. e4 e6 2. d4 d5 3. Nd2 c5 4. exd5 exd5 5. Ngf3 Nc6 6. Bb5 Bd6 7. dxc5 Bxc5 8.
O-O Nge7 9. Nb3 Bd6 10. Bg5 O-O 11. Bh4 Qb6 12. Be2 a5 13. a4 Re8 14. Bxe7 Bxe7
15. Qxd5 Bf6 16. Bd3 Be6 17. Qb5 Qc7 18. Rae1 Bg4 19. Rxe8+ Rxe8 20. Nbd2 g6
21. h3 Bc8 22. Re1 Rxe1+ 23. Nxe1 Qf4 24. Nef3 Kg7 25. Bf1 h5 26. c3 Bd8 27.
Qc4 Qd6 28. Qd3 Qc7 29. Nc4 Bf5 30. Qd6 Bc2 31. Qd2 Bxa4 32. Nd6 Qd7 33. Bc4
Be7 34. Nxf7 Qxd2 35. Nxd2 b5 36. Bd5 b4 37. c4 Bc2 38. Bxc6 Kxf7 39. b3 Bf6
40. Ba4 Bc3 41. Nf3 Kf6 42. g4 Be4 43. Nh2 Ke5 44. gxh5 gxh5 1/2-1/2

[Event "20th NATO Chess Ch"]
[Site "?"]
[Date "2009.06.17"]
[Round "4.4"]
[White "Van Rijn, Wouter"]
[Black "Drabke, Lorenz"]
[Result "1/2-1/2"]
[WhiteElo "2161"]
[BlackElo "2469"]
[PlyCount "89"]
[SourceDate "2000.01.03"]

1. e4 c5 2. Nf3 e6 3. d4 cxd4 4. Nxd4 a6 5. c4 Nf6 6. Nc3 Qc7 7. Be3 Bb4 8. Bd3
Nc6 9. Rc1 Ne5 10. Qe2 Nfg4 11. a3 Bc5 12. Nc2 Bd6 13. Bd4 O-O 14. Ne3 Nxd3+
15. Qxd3 Ne5 16. Bxe5 Bxe5 17. g3 b6 18. O-O Bb7 19. Rfd1 Rad8 20. f3 f5 21.
exf5 Bxf3 22. Rf1 Bb7 23. Kf2 exf5 24. Ncd5 Qd6 25. Ke2 g6 26. b4 Rde8 27. Kd2
Bg7 28. Rce1 Re4 29. Nc2 Rfe8 30. Kc1 b5 31. Nf4 Qxd3 32. Nxd3 Rxe1+ 33. Ncxe1
bxc4 34. Nc5 Bc8 35. Nc2 d6 36. Na4 Bb7 37. Rd1 Bh6+ 38. Kb2 Re2 39. Kc3 Bg7+
40. Nd4 Re4 41. Kxc4 Bc6 42. Nc3 Be8 43. Nxe4 Bf7+ 44. Kc3 fxe4 45. Kc2 1/2-1/2

[Event "20th NATO Chess Ch"]
[Site "?"]
[Date "2009.06.17"]
[Round "4.5"]
[White "Schott, Guido"]
[Black "De Haan, Eric"]
[Result "0-1"]
[WhiteElo "2196"]
[BlackElo "2353"]
[PlyCount "72"]
[SourceDate "2000.01.03"]

1. e4 c5 2. Nf3 e6 3. d3 Nc6 4. g3 g6 5. Bg2 Bg7 6. O-O Nge7 7. c3 O-O 8. Na3
d5 9. Qe2 b6 10. e5 Ba6 11. Re1 h6 12. h4 b5 13. Bf4 b4 14. Nc2 bxc3 15. bxc3
Rb8 16. Qd2 Kh7 17. Ne3 d4 18. Ng4 dxc3 19. Qxc3 Nd5 20. Qxc5 Ncb4 21. Bd2 Nxd3
22. Qxa7 Nxe1 23. Qxa6 Nc7 24. Qe2 Nxf3+ 25. Bxf3 Rb2 26. Rd1 Nd5 27. h5 Qb8
28. hxg6+ fxg6 29. Bxd5 exd5 30. e6 h5 31. Nh2 Bh6 32. e7 Re8 33. Qe6 Bxd2 34.
Qf7+ Kh6 35. Nf3 Be3 36. fxe3 Qxg3+ 0-1

[Event "20th NATO Chess Ch"]
[Site "?"]
[Date "2009.06.17"]
[Round "4.6"]
[White "Wantiez, Fabrice"]
[Black "Bonnelykke, Ole"]
[Result "1-0"]
[WhiteElo "2339"]
[BlackElo "2101"]
[PlyCount "57"]
[SourceDate "2000.01.03"]

1. e4 c5 2. Nf3 e6 3. d4 cxd4 4. Nxd4 a6 5. Nc3 Qc7 6. g3 Nf6 7. Bg2 Nc6 8. O-O
Nxd4 9. Qxd4 Bc5 10. Bf4 Bxd4 11. Bxc7 Ke7 12. Rfd1 Ne8 13. Rxd4 Nxc7 14. e5
Nb5 15. Nxb5 axb5 16. Bf1 Ra4 17. b4 f6 18. f4 fxe5 19. fxe5 Rf8 20. Bxb5 Ra3
21. Rd3 Rf3 22. Rxa3 Rxa3 23. Kf2 b6 24. Bc4 Bb7 25. Bb3 b5 26. Rd1 Bd5 27. Ke2
d6 28. Bxd5 exd5 29. Rxd5 1-0

[Event "20th NATO Chess Ch"]
[Site "?"]
[Date "2009.06.17"]
[Round "4.7"]
[White "Helbig, Mark"]
[Black "Indbryn, Tommy"]
[Result "1/2-1/2"]
[WhiteElo "2337"]
[BlackElo "2158"]
[PlyCount "68"]
[SourceDate "2000.01.03"]

1. d4 d5 2. c4 e6 3. Nc3 Nf6 4. Bg5 c6 5. Nf3 Nbd7 6. e3 Qa5 7. Nd2 dxc4 8.
Bxf6 Nxf6 9. Nxc4 Qc7 10. Rc1 a6 11. Be2 b5 12. Nd2 Qb6 13. Bf3 Bb7 14. O-O c5
15. dxc5 Bxc5 16. Nxb5 Bxf3 17. Qxf3 O-O 18. Nd4 Bxd4 19. Nc4 Qa7 20. exd4 Qxd4
21. Rfd1 Qa7 22. b4 Rac8 23. Rc2 Rc7 24. Rdc1 Rfc8 25. a3 h6 26. Qd3 Nd5 27. g3
Qb8 28. h3 Rc6 29. Kh2 R8c7 30. Na5 Rxc2 31. Rxc2 Qb5 32. Rd2 Rc3 33. Qxb5 axb5
34. Ra2 Kf8 1/2-1/2

[Event "20th NATO Chess Ch"]
[Site "?"]
[Date "2009.06.17"]
[Round "4.8"]
[White "Hole, Oysstein"]
[Black "Krainski, Jaroslaw"]
[Result "1-0"]
[WhiteElo "2401"]
[BlackElo "2072"]
[PlyCount "63"]
[SourceDate "2000.01.03"]

1. Nf3 Nf6 2. c4 e6 3. Nc3 d5 4. d4 Bb4 5. cxd5 exd5 6. Bg5 h6 7. Bh4 g5 8. Bg3
Ne4 9. Nd2 Nxg3 10. hxg3 Bf8 11. e3 Bg7 12. Bd3 c6 13. Nf3 Nd7 14. Qc2 Nf6 15.
O-O-O Be6 16. Ne5 O-O 17. f4 gxf4 18. gxf4 Ng4 19. Qe2 Nxe5 20. dxe5 Qc8 21.
Rh4 f6 22. exf6 Rxf6 23. g4 Rf8 24. Bc2 Qd8 25. Qh2 Qb6 26. Rxh6 Qxe3+ 27. Kb1
Kf7 28. Rh3 Qb6 29. f5 Bd7 30. g5 Rh8 31. g6+ Ke7 32. Re1+ 1-0

[Event "20th NATO Chess Ch"]
[Site "?"]
[Date "2009.06.17"]
[Round "4.9"]
[White "Pedersen, Finn"]
[Black "Serralta, Michel"]
[Result "1-0"]
[WhiteElo "2287"]
[BlackElo "2125"]
[PlyCount "81"]
[SourceDate "2000.01.03"]

1. g3 g6 2. Bg2 Bg7 3. Nf3 e5 4. d3 Ne7 5. e4 O-O 6. Be3 d5 7. Qc1 Re8 8. Bh6
Bh8 9. h4 Qd6 10. h5 Nd7 11. hxg6 Nxg6 12. Ng5 Ndf8 13. exd5 f5 14. Nc3 c6 15.
Qd2 Bd7 16. O-O-O c5 17. Rh5 Re7 18. Rdh1 b5 19. Bxf8 Nxf8 20. Ne6 Rf7 21. Qh6
Bf6 22. Rxf5 Bg7 23. Rg5 Qe7 24. Rxg7+ Rxg7 25. d6 Qxe6 26. Bd5 Re8 27. Qe3 Bc6
28. Bxe6+ Rxe6 29. Rh6 Rxh6 30. Qxh6 Rg6 31. Qh4 Rxd6 32. Qe7 Re6 33. Qxc5 a6
34. Qa7 b4 35. Nd1 Bb5 36. Qc5 e4 37. d4 Nd7 38. Qxb4 Nb6 39. Ne3 Rf6 40. c4
Be8 41. Qe7 1-0

[Event "20th NATO Chess Ch"]
[Site "?"]
[Date "2009.06.17"]
[Round "4.10"]
[White "Gooris, Jan"]
[Black "Kertesz, Alfred"]
[Result "0-1"]
[WhiteElo "2132"]
[BlackElo "2270"]
[PlyCount "111"]
[SourceDate "2000.01.03"]

1. e4 c5 2. Nc3 a6 3. g3 Nc6 4. Bg2 g6 5. f4 Bg7 6. Nf3 d6 7. d3 e6 8. O-O Nge7
9. Ne2 Nd4 10. Nd2 Rb8 11. c3 Nxe2+ 12. Qxe2 O-O 13. Nf3 Re8 14. h3 b5 15. Be3
Bb7 16. Rad1 Qc7 17. g4 f5 18. Qf2 h6 19. Nh4 Kh7 20. Rfe1 Rf8 21. Qc2 Rbe8 22.
Nf3 e5 23. exf5 gxf5 24. Qd2 fxg4 25. hxg4 exf4 26. Bxf4 Qd7 27. Nh2 Bxg2 28.
Kxg2 Ng6 29. Bg3 Ne5 30. d4 Nxg4 31. dxc5 Qc6+ 32. Kh3 Nxh2 33. Qd3+ Kh8 34.
Kxh2 dxc5 35. Rf1 Rxf1 36. Rxf1 c4 37. Qd2 Qe6 38. Rf2 Qe3 39. Qd6 Qe6 40. Qc7
Re7 41. Qb8+ Kh7 42. Qf4 Qe4 43. Qd6 Re6 44. Qc7 Rg6 45. Qf7 Rg5 46. Qf3 Qxf3
47. Rxf3 Kg6 48. Re3 Kf7 49. Bd6 Bf6 50. Re4 Rd5 51. Bf4 Bg5 52. Kg3 Bxf4+ 53.
Rxf4+ Kg6 54. Rf2 Kg5 55. Re2 Rd3+ 56. Kg2 0-1

[Event "20th NATO Chess Ch"]
[Site "?"]
[Date "2009.06.17"]
[Round "4.11"]
[White "Prevot, Jean-Luc"]
[Black "Moen, Steinar"]
[Result "0-1"]
[WhiteElo "2119"]
[BlackElo "2214"]
[PlyCount "104"]
[SourceDate "2000.01.03"]

1. Nf3 d5 2. c4 c6 3. b3 Bf5 4. Bb2 Nd7 5. g3 Ngf6 6. Bg2 e6 7. O-O Be7 8. d3
h6 9. Nbd2 O-O 10. Rc1 Bh7 11. Qc2 a5 12. Nd4 e5 13. N4f3 e4 14. Bxf6 Nxf6 15.
Ne5 Bd6 16. Qc3 d4 17. Qxd4 Qe7 18. Nxc6 bxc6 19. c5 Be5 20. Qa4 exd3 21. e3
Nd5 22. Rc4 Rfc8 23. Bh3 Rc7 24. Qa3 Qf6 25. Qc1 Nc3 26. Kh1 Ne2 27. Qd1 Bb2
28. f4 Bf5 29. Bxf5 Qxf5 30. Kg2 Qe6 31. Qb1 Bc3 32. e4 Rd8 33. Qd1 f5 34. exf5
Qxf5 35. Ne4 Qd5 36. Rf3 Bb4 37. Kf2 Re7 38. Re3 Kf7 39. Nd6+ Rxd6 40. Rxe7+
Kxe7 41. cxd6+ Kxd6 42. Ke3 Bc5+ 43. Kd2 Qf3 44. Rxc5 Kxc5 45. Qa1 Nd4 46. Qc3+
Kd5 47. Qxa5+ Ke6 48. Qe5+ Kf7 49. Qc7+ Kg8 50. Qd8+ Kh7 51. Qe8 c5 52. Qe5
Qf2+ 0-1

[Event "20th NATO Chess Ch"]
[Site "?"]
[Date "2009.06.17"]
[Round "4.13"]
[White "Skindzier, Saturnin"]
[Black "Narman, Göghtan"]
[Result "0-1"]
[WhiteElo "2186"]
[BlackElo "2120"]
[PlyCount "94"]
[SourceDate "2000.01.03"]

1. d4 e6 2. Nf3 f5 3. g3 Nf6 4. Bg2 d5 5. c4 c6 6. O-O Bd6 7. c5 Bc7 8. Bf4
Bxf4 9. gxf4 O-O 10. Nbd2 Bd7 11. Ne5 Be8 12. b4 Bh5 13. a4 Nbd7 14. f3 Kh8 15.
b5 Qc8 16. Qb3 g5 17. Qe3 gxf4 18. Qxf4 Qc7 19. bxc6 bxc6 20. Nd3 Qxf4 21. Nxf4
e5 22. dxe5 Nxe5 23. Rab1 Rab8 24. Bh3 Bg6 25. Kf2 Nfd7 26. Ke3 Nxc5 27. Kd4
Ned7 28. a5 Kg7 29. Rfc1 Rxb1 30. Rxb1 Kf6 31. Rc1 Rb8 32. Rxc5 Nxc5 33. Kxc5
Be8 34. Nd3 Rb5+ 35. Kd6 Rxa5 36. Nb3 Ra4 37. f4 Re4 38. Bf1 Bh5 39. Nbc5 Re3
40. Nd7+ Kg7 41. N3e5 Bxe2 42. Bg2 Bb5 43. Nc5 a5 44. Ke7 a4 45. Ne6+ Kg8 46.
Nf7 Rxe6+ 47. Kxe6 a3 0-1

[Event "20th NATO Chess Ch"]
[Site "?"]
[Date "2009.06.17"]
[Round "4.14"]
[White "Tezcan, Emre"]
[Black "Mueller, Jason"]
[Result "0-1"]
[WhiteElo "2039"]
[BlackElo "2174"]
[PlyCount "92"]
[SourceDate "2000.01.03"]

1. e4 c5 2. Nf3 d6 3. d4 cxd4 4. Nxd4 Nf6 5. Nc3 Nc6 6. Bc4 e6 7. O-O Be7 8.
Be3 a6 9. Nxc6 bxc6 10. e5 dxe5 11. Qxd8+ Bxd8 12. Bc5 Be7 13. Bxe7 Kxe7 14.
Na4 Nd7 15. Rfd1 c5 16. Rd2 Bb7 17. Rad1 Bc6 18. Nc3 Nb6 19. Rd6 Rhc8 20. Be2
Nd5 21. Nxd5+ exd5 22. R6xd5 Bxd5 23. Rxd5 f6 24. Kf1 Rc7 25. Ke1 a5 26. Rd3
Rb8 27. b3 Rd8 28. Rc3 Rd4 29. Bb5 f5 30. Ke2 Rh4 31. h3 Rd4 32. a3 g5 33. Rg3
Kf6 34. Rc3 e4 35. Ke1 f4 36. Ke2 Rc8 37. Kf1 Rcd8 38. Kg1 R8d5 39. Bc6 Rd1+
40. Kh2 Re5 41. g3 e3 42. gxf4 gxf4 43. Bb5 e2 44. Bxe2 Rxe2 45. Kg2 Rdd2 46.
Kf3 Rxc2 0-1

[Event "20th NATO Chess Ch"]
[Site "?"]
[Date "2009.06.17"]
[Round "4.15"]
[White "Toll, Alec"]
[Black "Sirch, Franz"]
[Result "0-1"]
[WhiteElo "2084"]
[BlackElo "2172"]
[PlyCount "80"]
[SourceDate "2000.01.03"]

1. d4 c5 2. c3 Nf6 3. Nf3 e6 4. e3 b6 5. Bd3 Bb7 6. Nbd2 Be7 7. O-O O-O 8. Qe2
d6 9. Rd1 Nc6 10. Nf1 Qc7 11. Ng3 Rfe8 12. Bd2 d5 13. Rac1 Rad8 14. Bb1 e5 15.
dxe5 Nxe5 16. Nxe5 Qxe5 17. f3 Bd6 18. Qd3 g6 19. Nf1 Bf8 20. Be1 Bg7 21. Bf2
Qe7 22. Bh4 Qc7 23. Bc2 a6 24. Rd2 Rc8 25. Bg3 Qc6 26. Rcd1 b5 27. Bb1 a5 28.
Qc2 b4 29. cxb4 axb4 30. Bf2 c4 31. Ng3 Qb5 32. Ne2 Qa5 33. Nd4 Nd7 34. e4 dxe4
35. fxe4 Ne5 36. Nf3 Nd3 37. b3 Bxe4 38. bxc4 Nxf2 39. Qb3 Nxd1 40. Bxe4 Qc5+
0-1

[Event "20th NATO Chess Ch"]
[Site "?"]
[Date "2009.06.17"]
[Round "4.16"]
[White "De Ward, Marco"]
[Black "Kartal, Koray"]
[Result "1/2-1/2"]
[WhiteElo "2160"]
[BlackElo "1958"]
[PlyCount "76"]
[SourceDate "2000.01.03"]

1. d4 Nf6 2. c4 e6 3. Nf3 b6 4. a3 Bb7 5. Nc3 d5 6. cxd5 Nxd5 7. Qc2 Be7 8. e4
Nf6 9. Bf4 c6 10. Rd1 O-O 11. Bd3 h6 12. Qe2 Qc8 13. O-O Ba6 14. Ne5 Bxd3 15.
Rxd3 Nbd7 16. Rg3 Kh7 17. Rh3 c5 18. Nxd7 Qxd7 19. e5 Ng8 20. Qe4+ Kh8 21. d5
exd5 22. Nxd5 Rad8 23. Nc3 Qd4 24. Qf3 g5 25. Ne2 Qd7 26. g4 Qd5 27. Qxd5 Rxd5
28. Nc3 Rd7 29. Be3 f6 30. f4 gxf4 31. Bxf4 fxe5 32. Bxe5+ Kh7 33. Rhf3 Rxf3
34. Rxf3 Kg6 35. Ne4 Rd1+ 36. Rf1 Rxf1+ 37. Kxf1 Nf6 38. Nf2 Nd7 1/2-1/2

[Event "20th NATO Chess Ch"]
[Site "?"]
[Date "2009.06.17"]
[Round "4.17"]
[White "Onley, David"]
[Black "Silva, Jose Luis"]
[Result "1-0"]
[WhiteElo "1952"]
[BlackElo "2159"]
[PlyCount "47"]
[SourceDate "2000.01.03"]

1. e4 c5 2. Nf3 g6 3. c3 Bg7 4. d4 cxd4 5. cxd4 d5 6. e5 Bg4 7. Nc3 Nc6 8. Bb5
e6 9. Qa4 Bxf3 10. Bxc6+ bxc6 11. Qxc6+ Kf8 12. Qc5+ Ke8 13. Qc6+ Kf8 14. Qc5+
Ke8 15. Nb5 Ne7 16. Bg5 Rb8 17. Nxa7 Qd7 18. Bxe7 Bxg2 19. Rg1 Be4 20. Nc6 Rxb2
21. Rg3 f5 22. exf6 Bxf6 23. Bxf6 Rf8 24. Rb3 1-0

[Event "20th NATO Chess Ch"]
[Site "?"]
[Date "2009.06.17"]
[Round "4.18"]
[White "Mestek, Igor"]
[Black "Razola , Garcia Joaquin"]
[Result "1-0"]
[WhiteElo "2158"]
[BlackElo "2106"]
[PlyCount "117"]
[SourceDate "2000.01.03"]

1. e4 e6 2. Nf3 d5 3. Nc3 d4 4. Ne2 Nc6 5. d3 e5 6. a3 Be7 7. Ng3 h5 8. h3 h4
9. Ne2 Be6 10. Nh2 g5 11. Ng1 Qd7 12. Be2 O-O-O 13. Bg4 Kb8 14. Bd2 Rf8 15.
Ngf3 f6 16. Bxe6 Qxe6 17. Ng4 Nh6 18. Nxh6 Rxh6 19. Nh2 f5 20. Qe2 Rh7 21. exf5
Rxf5 22. Ng4 Nd8 23. O-O Bd6 24. Rae1 Re7 25. Qe4 Nf7 26. b4 c6 27. f4 gxf4 28.
Rxf4 exf4 29. Qxe6 Rxe6 30. Rxe6 Kc7 31. Rf6 Rxf6 32. Nxf6 Kb6 33. Ne4 Kb5 34.
Nxd6+ Nxd6 35. Bxf4 Nf5 36. Kf2 Ka4 37. Bc1 c5 38. bxc5 Kb5 39. Kf3 Kxc5 40.
Bd2 Kd5 41. c4+ Ke6 42. Ke4 a6 43. a4 Kf6 44. a5 Ke6 45. Bf4 Ne7 46. g4 Nc6 47.
Bc7 Kd7 48. Bb6 Ke6 49. g5 Kf7 50. Kf5 Kg7 51. Bc7 Kf7 52. g6+ Kg7 53. Kg5 Kg8
54. Kxh4 b5 55. axb6 a5 56. Bd6 Nd8 57. Be5 Nc6 58. b7 a4 59. Bxd4 1-0

[Event "20th NATO Chess Ch"]
[Site "?"]
[Date "2009.06.17"]
[Round "4.19"]
[White "Alaslar, Devrim"]
[Black "Nielsen, Jan Mose"]
[Result "1/2-1/2"]
[WhiteElo "2135"]
[BlackElo "2099"]
[PlyCount "58"]
[SourceDate "2000.01.03"]

1. e4 c5 2. Nc3 a6 3. Nf3 Nc6 4. d4 cxd4 5. Nxd4 e6 6. Nxc6 bxc6 7. Bd3 d5 8.
O-O Nf6 9. Re1 h6 10. Qf3 Be7 11. Qg3 Nh5 12. Qg4 g6 13. exd5 cxd5 14. Qf3 Nf6
15. Bf4 Bb7 16. Rad1 Kf8 17. Be5 Kg7 18. Ne2 Bd6 19. Nd4 Bxe5 20. Rxe5 Re8 21.
Qg3 Qb6 22. Nb3 a5 23. Qh4 h5 24. Nd2 Ng4 25. Ree1 Ba6 26. Bxa6 Qxa6 27. b3 a4
28. c4 axb3 29. axb3 Red8 1/2-1/2

[Event "20th NATO Chess Ch"]
[Site "?"]
[Date "2009.06.17"]
[Round "4.20"]
[White "Pedersen, Lars Erik"]
[Black "Giua, Fréderic"]
[Result "0-1"]
[WhiteElo "2049"]
[BlackElo "2223"]
[PlyCount "78"]
[SourceDate "2000.01.03"]

1. e4 c5 2. Nc3 a6 3. g3 b5 4. Bg2 Bb7 5. Nge2 Nf6 6. d3 e6 7. O-O d5 8. exd5
Nxd5 9. Ne4 Nc6 10. Bg5 Qd7 11. a4 h6 12. axb5 axb5 13. Rxa8+ Bxa8 14. Bc1 b4
15. d4 c4 16. Nd2 Na5 17. Nf3 Bd6 18. Ne5 Bxe5 19. dxe5 O-O 20. Nf4 Qc7 21. Nh5
Qxe5 22. Re1 Qf5 23. Be4 Qh3 24. Nf4 Nxf4 25. Bxf4 Bxe4 26. Rxe4 Nc6 27. Rxc4
e5 28. Be3 Rd8 29. Qe1 Qe6 30. Qf1 e4 31. Bb6 Rd5 32. b3 Ne5 33. Kg2 Qxb6 34.
Rxe4 Qc6 35. Qe1 Rd4 36. f3 Rxe4 37. fxe4 Qxc2+ 38. Kh3 Qd3 39. Qxb4 Ng6 0-1

[Event "20th NATO Chess Ch"]
[Site "?"]
[Date "2009.06.17"]
[Round "4.21"]
[White "Karbowiak, Adam"]
[Black "Cheung, Jan"]
[Result "1-0"]
[WhiteElo "2217"]
[BlackElo "2080"]
[PlyCount "117"]
[SourceDate "2000.01.03"]

1. Nf3 Nf6 2. g3 d5 3. Bg2 e6 4. O-O Be7 5. d4 O-O 6. c4 dxc4 7. Ne5 Nc6 8.
Bxc6 bxc6 9. Nxc6 Qe8 10. Nxe7+ Qxe7 11. Qa4 e5 12. dxe5 Qxe5 13. Nc3 Bh3 14.
Re1 Be6 15. f3 Qc5+ 16. Kg2 Rab8 17. Qc2 Rfd8 18. e4 Rd3 19. Qf2 Qa5 20. Be3 a6
21. Re2 Rbd8 22. Rd2 Rxd2 23. Bxd2 Rd3 24. Rd1 Qb6 25. Qxb6 cxb6 26. Bg5 Rxd1
27. Nxd1 Nd7 28. Kf2 f6 29. Bf4 Kf7 30. Ke3 Ke7 31. Bc7 g5 32. Kd4 b5 33. Ne3
h5 34. Nd5+ Kf7 35. Nb4 h4 36. Nxa6 hxg3 37. hxg3 c3 38. Kxc3 Bxa2 39. b3 Bb1
40. g4 Ke6 41. Nb4 Nc5 42. Bb6 Nxe4+ 43. fxe4 Bxe4 44. Nc2 b4+ 45. Kd2 Bd5 46.
Ke3 Kd6 47. Nd4 Bf7 48. Bd8 Ke5 49. Bc7+ Kd5 50. Kd3 Be6 51. Nf5 Bf7 52. Bg3
Kc6 53. Kc2 Bg6 54. Be1 Kc5 55. Kd3 Bf7 56. Bf2+ Kd5 57. Bd4 Kc6 58. Bxf6 Kd7
59. Nd4 1-0

[Event "20th NATO Chess Ch"]
[Site "?"]
[Date "2009.06.17"]
[Round "4.22"]
[White "Wagenaar, Harm Theo"]
[Black "Nielsen, Rene"]
[Result "1/2-1/2"]
[WhiteElo "2070"]
[BlackElo "2187"]
[PlyCount "51"]
[SourceDate "2000.01.03"]

1. d4 Nf6 2. Nf3 e6 3. e3 b6 4. Bd3 Bb7 5. O-O Be7 6. c4 d5 7. cxd5 exd5 8. Nc3
O-O 9. b3 c5 10. Bb2 Nc6 11. Ne2 Ne4 12. Rc1 Rc8 13. Ng3 f5 14. dxc5 bxc5 15.
Ne5 Nxe5 16. Bxe5 Bg5 17. Nxe4 fxe4 18. Be2 d4 19. Bc4+ Bd5 20. Qg4 Bxc4 21.
Rxc4 dxe3 22. Rxe4 exf2+ 23. Rxf2 Rxf2 24. Kxf2 Qd2+ 25. Qe2 Rf8+ 26. Kg3
1/2-1/2

[Event "20th NATO Chess Ch"]
[Site "?"]
[Date "2009.06.17"]
[Round "4.23"]
[White "Delforge, Gyu"]
[Black "Kedzierski, Slawomir"]
[Result "0-1"]
[WhiteElo "2173"]
[BlackElo "2069"]
[PlyCount "62"]
[SourceDate "2000.01.03"]

1. e4 c5 2. Nf3 d6 3. d4 cxd4 4. Nxd4 Nf6 5. Nc3 a6 6. Be2 e6 7. O-O Be7 8. Kh1
O-O 9. f4 Qc7 10. Bf3 Nc6 11. Nxc6 bxc6 12. Qe1 Bb7 13. b3 e5 14. Qg3 exf4 15.
Bxf4 Nd7 16. Rad1 Ne5 17. Ne2 Kh8 18. Nd4 g6 19. Bg5 Rac8 20. c4 c5 21. Ne2 f5
22. Nf4 Bxg5 23. Qxg5 fxe4 24. Bg4 Nxg4 25. Qxg4 Qe7 26. Qh3 Kg8 27. Qe3 Qe5
28. h3 Rf5 29. Nd5 Rxf1+ 30. Rxf1 Bxd5 31. cxd5 Qxd5 0-1

[Event "20th NATO Chess Ch"]
[Site "?"]
[Date "2009.06.17"]
[Round "4.24"]
[White "Barquin, Benjamin"]
[Black "L'Henoret, Thierry"]
[Result "1/2-1/2"]
[WhiteElo "2019"]
[BlackElo "2158"]
[PlyCount "81"]
[SourceDate "2000.01.03"]

1. e4 c5 2. Nf3 Nc6 3. c3 e5 4. Bb5 a6 5. Bxc6 dxc6 6. h3 Qc7 7. d3 Nf6 8. O-O
Be7 9. c4 O-O 10. Nc3 h6 11. Qe2 Be6 12. b3 Rad8 13. Be3 Rd7 14. Rfd1 Rfd8 15.
Na4 b6 16. Rd2 Rb8 17. Rf1 Nh7 18. Nxe5 Qxe5 19. f4 Qc7 20. f5 Nf8 21. Qg4 Kh8
22. fxe6 fxe6 23. Qh5 Bd6 24. Rdf2 Nh7 25. Qg6 Bh2+ 26. Kh1 Qg3 27. Qxe6 Rd6
28. Qe7 Qxe3 29. Kxh2 Rxd3 30. Qc7 Rg8 31. Nxb6 Nf6 32. Qxc6 Nxe4 33. Rf8 Rxf8
34. Rxf8+ Kh7 35. Rf3 Qe2 36. Rxd3 Qxd3 37. Qd5 Qg3+ 38. Kg1 Qe3+ 39. Kh2 Qf4+
40. Kg1 Qf2+ 41. Kh2 1/2-1/2

[Event "20th NATO Chess Ch"]
[Site "?"]
[Date "2009.06.17"]
[Round "4.26"]
[White "Adkins, James"]
[Black "Picart, Laurent"]
[Result "1/2-1/2"]
[WhiteElo "2015"]
[BlackElo "2148"]
[PlyCount "116"]
[SourceDate "2000.01.03"]

1. f4 d5 2. b3 Nf6 3. e3 g6 4. Bb2 Bg7 5. Nf3 O-O 6. Be2 b6 7. O-O Bb7 8. d3 c5
9. Ne5 Nfd7 10. d4 f6 11. Nxd7 Qxd7 12. Nd2 Nc6 13. c4 e6 14. dxc5 bxc5 15.
cxd5 exd5 16. Qc2 Qe7 17. e4 Nb4 18. Qb1 dxe4 19. a3 Nd5 20. Qxe4 Qxe4 21. Nxe4
Ne3 22. Nxc5 Nxf1 23. Bc4+ Kh8 24. Rxf1 Bc8 25. a4 Bf5 26. Ne6 Bxe6 27. Bxe6 f5
28. Bxg7+ Kxg7 29. b4 Rfe8 30. Bd5 Rad8 31. Bc6 Re6 32. b5 a6 33. Rc1 axb5 34.
axb5 Rb8 35. Kf2 Kf6 36. Rc2 Re7 37. Rd2 Ra7 38. Rd6+ Ke7 39. Rd2 h6 40. g3 Ra3
41. h4 Rb3 42. Rd7+ Kf6 43. Rd6+ Kg7 44. Rd7+ Kh8 45. Rd6 Rg8 46. Kg2 Rg7 47.
Kh2 Re7 48. Rd2 Ree3 49. Rd8+ Kg7 50. Rd7+ Kf8 51. Rd8+ Ke7 52. Re8+ Kd6 53.
Rxe3 Rxe3 54. Kg2 Kc5 55. Kf2 Rb3 56. Be8 Kd5 57. Bd7 Rb2+ 58. Kf3 Rb3+ 1/2-1/2

[Event "20th NATO Chess Ch"]
[Site "?"]
[Date "2009.06.17"]
[Round "4.27"]
[White "Nielsen, Henrik"]
[Black "Kersic, Matej"]
[Result "1-0"]
[WhiteElo "2011"]
[BlackElo "2142"]
[PlyCount "79"]
[SourceDate "2000.01.03"]

1. d4 d5 2. Nf3 Nf6 3. Bf4 Bf5 4. e3 c6 5. Bd3 e6 6. Bxf5 exf5 7. Qd3 Ne4 8.
O-O Be7 9. Nfd2 Qd7 10. f3 Nf6 11. e4 fxe4 12. fxe4 dxe4 13. Nxe4 Nxe4 14. Qxe4
O-O 15. Nd2 Na6 16. c3 Rfe8 17. Qf3 Qf5 18. Rae1 Bf8 19. Re5 Rxe5 20. Bxe5 Qe6
21. b3 Re8 22. h3 f6 23. Bg3 Qd7 24. Re1 Rxe1+ 25. Bxe1 Nc7 26. Qe4 Bd6 27. Nc4
Bf8 28. Ne3 Nd5 29. Nxd5 cxd5 30. Qe3 b5 31. Bg3 Kf7 32. Kf1 Qf5+ 33. Qf3 Ke6
34. Kf2 g5 35. Qxf5+ Kxf5 36. Kf3 h5 37. Be1 h4 38. Ke3 Bd6 39. a4 a6 40. Kd3
1-0

[Event "20th NATO Chess Ch"]
[Site "?"]
[Date "2009.06.17"]
[Round "4.28"]
[White "Erhan, Ersin"]
[Black "Rosenkilde, Alexander"]
[Result "0-1"]
[WhiteElo "1928"]
[BlackElo "2138"]
[PlyCount "44"]
[SourceDate "2000.01.03"]

1. d4 Nf6 2. Nf3 e6 3. c4 b6 4. Nc3 Bb7 5. Qc2 Bb4 6. Bd2 O-O 7. e3 d5 8. Be2
Nbd7 9. O-O Be7 10. Rfd1 Rc8 11. cxd5 exd5 12. Nb5 c6 13. Nc3 c5 14. Qf5 g6 15.
Qf4 a6 16. Rac1 c4 17. a4 Nh5 18. Qg4 b5 19. axb5 axb5 20. Nxb5 Ndf6 21. Qg5
Ne4 22. Qe5 Bf6 0-1

[Event "20th NATO Chess Ch"]
[Site "?"]
[Date "2009.06.17"]
[Round "4.29"]
[White "Eriksson, Christian"]
[Black "Steffers, Hendrik"]
[Result "1-0"]
[WhiteElo "2122"]
[BlackElo "1977"]
[PlyCount "125"]
[SourceDate "2000.01.03"]

1. e4 c5 2. c3 e6 3. d4 Qc7 4. Nf3 d6 5. Bd3 Nc6 6. O-O Be7 7. Re1 e5 8. d5 Nb8
9. a4 Nf6 10. Na3 a6 11. Nc4 Bg4 12. h3 Bh5 13. a5 Nbd7 14. Qe2 O-O 15. Kh1
Rae8 16. Rg1 Bxf3 17. Qxf3 Kh8 18. g4 Ng8 19. Bc2 f6 20. Ba4 Rb8 21. Bc2 b5 22.
axb6 Nxb6 23. Na5 Ra8 24. Be3 Rfc8 25. Qe2 Nd7 26. Bd3 Nb8 27. h4 Qd7 28. Qf3
Rf8 29. Qg3 Bd8 30. Nc4 Ra7 31. Ra2 Ne7 32. f3 Nc8 33. Rga1 Qb7 34. Qf2 Ra8 35.
Kg2 Kg8 36. Qg3 g5 37. Rh1 Rf7 38. hxg5 fxg5 39. Rh6 Qd7 40. Ra1 Bf6 41. Rah1
Qe7 42. Bc1 Nd7 43. Ne3 Nf8 44. Nf5 Qd8 45. R6h5 Kh8 46. Qh2 Raa7 47. Rh6 a5
48. Qh5 a4 49. Bb5 Kg8 50. Rxf6 Qxf6 51. Bxg5 Qg6 52. Nh6+ Kg7 53. Nxf7 Kxf7
54. Bc1 Qxh5 55. Rxh5 Ra5 56. Be2 Ne7 57. Kg3 Neg6 58. Rf5+ Ke8 59. Rf6 Kd7 60.
Rf7+ Ke8 61. Rb7 Nd7 62. Bb5 Ngf8 63. Bg5 1-0